[Event "GER-ch Schools U18 Girls"]
[Site "Germany"]
[Date "2009.05.16"]
[Round "1.4"]
[White "Von Chamier, Jessica"]
[Black "Heinz, Michelle"]
[Result "0-1"]
[WhiteElo "800"]
[BlackElo "800"]
[PlyCount "36"]
[EventDate "2009.05.16"]
[EventType "team-swiss"]
[EventRounds "7"]
[EventCountry "GER"]
[SourceTitle "EXT 2011"]
[Source "ChessBase"]
[SourceDate "2010.11.26"]
[SourceVersion "1"]
[SourceVersionDate "2010.11.26"]
[SourceQuality "1"]
[WhiteTeam "St Marien (W)"]
[BlackTeam "Limburg Mariens (W)"]
[WhiteTeamCountry "GER"]
[BlackTeamCountry "GER"]

1. e4 e5 2. d3 Nc6 3. Nf3 Nf6 4. Nc3 Bc5 5. Bg5 h6 6. Be2 hxg5 7. Nxg5 0-0 8. 0-0 d6 9. Na4 Bd7 10. Nxc5 dxc5 11. c3 b5 12. d4 cxd4 13. cxd4 Nxd4 14. Bd3 Ng4 15. h3 Qxg5 16. hxg4 Bxg4 17. Qe1 Bh3 18. Kh2 Qxg2# 0-1